00844nam a22002297a 450000500170000001000150001702000260003203500140005803700090007208200130008110000270009424500780012125000060019926000380020527000710024330000300031470000370034470000320038194200240041399900190043795201580045620241202145554.0 aENG-142765 a9789387284524c297.00 aEN-126297 bDBAD a658.821 aChandrani Singh974499 aInbound marketing/cBy Chandrani Singh; Abiresh Abraham [and] Ajit Pandey a1 bBPB Publicationsc2018aNew Delhi bNew Delhie110002a20, Ansari Road, Darya Ganjk23254990k23254991 ax,190p. :c23cm(pb)bill. aAbraham, Abiresh eAuthor974500 aPandey, AjiteAuthor974501 2ddccENmSINh658.8 c207303d207303 001040708NFICaDBADbDBADd2024-12-02eDelivery of Books Act Divisiong297.00l0oSIN 658.8pEN-126297r2024-12-02 00:00:00t1v297.00w2024-12-02yEN